000 00768nam a22002297a 4500
999 _c15752
_d15752
003 OSt
005 20201117154749.0
008 181213b ||||| |||| 00| 0 eng d
022 _a0730-3084
040 _c0
082 _aDPer 613.705 J863 Sept 2015-Apr 2016 v. 86-87
100 _aMa, Jasmin
_942566
245 _aFUNtervals:
_b fit breaks in fewer than five/
_cJasmin Ma and four others.
260 _aPhiladelphia:
_bShape America-Society of Health and Physical Educators,
_c©Sept 2015-Apr 2016.
300 _av86, n8, pages 50-52:
_billustrations;
_c28 cm.
500 _aJOPERD
650 _aRecreation.
_933110
700 _aSures, S.
_eAuthor.
_942569
700 _aGurd, B. J.
_eAuthor.
_942571
700 _aKonukman, F.
_eEditor
_942570
942 _2ddc
_cPER